| 000 | 01188nam a22003257a 4500 | ||
|---|---|---|---|
| 999 |
_c325722 _d325722 |
||
| 003 | BLK | ||
| 005 | 20250402174131.0 | ||
| 008 | 181024b bu ||||| |||| 00| 0 bu d | ||
| 020 | _a9786197245165 | ||
| 040 | _aBLK | ||
| 041 |
_aBUL _cBUL |
||
| 080 |
_aВътрешнополитически прояви. Вж и 323.4 _z323.22/28(497.2) _x(497.2) |
||
| 080 |
_aПолитически интриги. Подривна дейност. Диверсии. Пета колона _b327.88 _z327.88(497.2) _x(497.2) |
||
| 100 |
_aЗаркова, Анна Леонидова _9258994 |
||
| 139 |
_aЗаркова, Анна _bЗ 35 |
||
| 245 | _aБългарската мафия както я видях | ||
| 260 |
_9219788 _bАвлига _c2018 _aСофия |
||
| 300 |
_a622 с. _c20 см |
||
| 380 | _a3 | ||
| 650 | 0 |
_9250884 _aМафия - България |
|
| 653 | 7 |
_9192917 _aорганизирана престъпност |
|
| 653 | 7 |
_9184445 _aгрупировки |
|
| 852 | _aЦб 294439 | ||
| 942 |
_cKNG _n0 _020 |
||
| 944 |
_aED _c2019-04-11 _k30575 _lМартин Енчев |
||
| 999 | _d325722 | ||
| 999 | _d325722 | ||
| 999 | _d325722 | ||
| 999 | _d325722 | ||